Datum a čas kvízu
30
Celkem bodů
Celkový počet nahraných bodů na tomto kvízu bez doplňovacích otázek.
2.
Pořadí na kvízu
Konečné umístění týmu na tomto kvízu.
Zaznamenané odpovědi
| # | Otázka | Odpověď | Body | Výsledky |
|---|---|---|---|---|
| 1. | Studentské volby do Evropského... | vytrollíme europarlament | 0 | |
| 2. | Britští archeologové získali z... | Stonehenge | 0 | |
| 3. | Dlouholetá ředitelka zpravodaj... | Jitka Obzinová | 1 | |
| 4. | Nejsme sami, kdo se občas dopu... | o Austrálii | 0 | |
| 5. | Jak jistě víte, v pátek začalo... | Švýcarsko | 0 | |
| 6. | Toto téma jste si vybrali Vy s... | Philip Zimbardo | 0 | |
| 7. | Na konci 30. let 20. století b... | C | 0 | |
| 8. | Takzvaný Dunningův–Krugerův ef... | A D | 0 | |
| 9. | Solomon Asch v roce 1951 ve sv... | čáry | 0 | |
| 10. | Psychologické experimenty se n... | B | 0 |